Atlanta Braves Retired Numbers - Statistics

General Stats
  • This quiz has been taken 597 times
  • The average score is 8 of 11
Answer Stats
Hint Answer % Correct
44 Hank Aaron
99%
47 Tom Glavine
86%
29 John Smoltz
84%
31 Greg Maddux
83%
3 Dale Murphy
71%
10 Chipper Jones
68%
21 Warren Spahn
62%
35 Phil Niekro
61%
6 Bobby Cox
58%
42 Jackie Robinson
56%
41 Eddie Matthews
49%
No matching quizzes found
Score Distribution
Percent of People with Each Score
Percentile by Number Answered
Your Score History
You have not taken this quiz